000 00941nam0a22002651 4500
001 rc\4989456
005 20260406072756.0
021 _aRU
_b[65-69421]
035 _a(NLR Aleph) 008971563
090 _a9128100
_c9128100
100 _a20130430d1965 |||y0rusy50 ca
101 1 _arus
_cxal
102 _aRU
105 _aa z |||a|
200 1 _aЗа что поставили в угол?
_eСтихи
_e[Для мл. школьного возраста]
_fПеревод с калмыц. Н. Гребнева
_g[Ил.: В. Чапля]
210 _aМосква
_cДет. лит.
_d1965
215 _a31 с.
_cил.
_d20
700 1 _8rus
_7ca
_aСангаджиева
_bБ. Б.
_f1921-2001
_gБося Бадмаевна
_3RU\NLR\auth-onl\77501
_9130557
702 1 _aЧапля
_bВ.
_4440
702 1 _aГребнев
_bН.
_4730
801 0 _aRU
_bNLR
_gpsbo
801 1 _aRU
_bELAR
_2rusmarc
852 _aNLR
_j65-4/13985
942 _cBOOK
980 _aNB